书目信息 |
| 题名: |
内河航道通航水力学研究
|
|
| 作者: | 饶冠生 , 史德亮 , 杨伟 编著 | |
| 分册: | ||
| 出版信息: | 武汉 长江出版社 2009.03 |
|
| 页数: | 159页 | |
| 开本: | 26cm | |
| 丛书名: | ||
| 单 册: | ||
| 中图分类: | U697.31 , TV135.4 | |
| 科图分类: | ||
| 主题词: | 内河运输--nei he yun shu--水力学--研究 | |
| 电子资源: | ||
| ISBN: | 978-7-80708-607-9 | |
| 000 | 01019nam0 2200277 450 | |
| 001 | 012010320726 | |
| 005 | 20100404150812.12 | |
| 010 | @a978-7-80708-607-9@dCNY28.00 | |
| 100 | @a20100404d2009 em y0chiy0120 ea | |
| 101 | 0 | @achi |
| 102 | @aCN@b420000 | |
| 105 | @aak a 000yy | |
| 106 | @ar | |
| 200 | 1 | @a内河航道通航水力学研究@Anei he hang dao tong hang shui li xue yan jiu@f饶冠生, 史德亮, 杨伟编著@Frao guan sheng,shi de liang,yang wei bian zhu |
| 210 | @a武汉@c长江出版社@d2009.03 | |
| 215 | @a159页@c图@d26cm | |
| 320 | @a有书目 (第159页) | |
| 330 | @a本书是一本研究内河运输水力学的图书。内容包括了内河航道规划设计技术标准,内河航道通航水力学专题研究,内河航道通航水流条件原型观测试验及实船航行测试等。 | |
| 606 | 0 | @a内河运输@Anei he yun shu@x水力学@x研究 |
| 690 | @aU697.31@v4 | |
| 690 | @aTV135.4@v4 | |
| 701 | 0 | @a饶冠生@Arao guan sheng@4编著 |
| 701 | 0 | @a史德亮@Ashi de liang@4编著 |
| 701 | 0 | @a杨伟@Ayang wei@4编著 |
| 801 | 0 | @aCN@bQSSK@c20100404 |
| 905 | @b773616-18@dU697.31@eR078@f3 | |
| 内河航道通航水力学研究/饶冠生, 史德亮, 杨伟编著.-武汉:长江出版社,2009.03 |
| 159页:图;26cm |
| ISBN 978-7-80708-607-9:CNY28.00 |
| 本书是一本研究内河运输水力学的图书。内容包括了内河航道规划设计技术标准,内河航道通航水力学专题研究,内河航道通航水流条件原型观测试验及实船航行测试等。 |
| ● |
| 相关链接 |
|
|
|
正题名:内河航道通航水力学研究
索取号:U697.31/R078
 
预约/预借
| 序号 | 登录号 | 条形码 | 馆藏地/架位号 | 状态 | 备注 |
| 1 | 773616 | 207736164 | 自科库501/501自科库 59排3列5层/ [索取号:U697.31/R078] | 在馆 | |
| 2 | 773617 | 207736173 | 自科库501/501自科库 59排3列5层/ [索取号:U697.31/R078] | 在馆 | |
| 3 | 773618 | 207736182 | 自科库501/501自科库 59排3列5层/ [索取号:U697.31/R078] | 在馆 |